| 000 | 00380 a2200169 4500 | ||
|---|---|---|---|
| 001 | 71960 | ||
| 020 | _a853224808X | ||
| 040 | _cAnchieta - Colégio São Paulo | ||
| 100 | _aPorto, Cristina | ||
| 240 | 1 | 0 |
_aQuem conta um conto? _lpor |
| 245 | 1 | 0 | _aQuem conta um conto? |
| 300 | _a64 | ||
| 362 | 0 | _a2001 | |
| 440 | 1 | _aFTD | |
| 650 | 4 | _aLiteratura infanto-juvenil | |
| 942 | _cBK | ||
| 999 |
_c71960 _d71960 |
||